Statistics for EPC #5

Click here to take the quiz!

General Stats

  • This quiz has been taken 6 times
    (4 since last reset)
  • The average score is 16 of 120

Answer Stats

Combination% Correct
ABCDE
100%
ABCED
75%
BCAED
50%
BCEAD
50%
DCEBA
50%
ABECD
25%
ACBDE
25%
ACBED
25%
ACDBE
25%
ACDEB
25%
ACEBD
25%
ACEDB
25%
ADBCE
25%
ADBEC
25%
ADCBE
25%
ADCEB
25%
ADEBC
25%
ADECB
25%
AECDB
25%
BACDE
25%
BACED
25%
BADCE
25%
BADEC
25%
BAECD
25%
BAEDC
25%
BCADE
25%
BDACE
25%
BDAEC
25%
BDCAE
25%
BDEAC
25%
BDECA
25%
CABDE
25%
CAEBD
25%
CBEDA
25%
CDABE
25%
CDAEB
25%
CDEAB
25%
CDEBA
25%
CEDAB
25%
CEDBA
25%
DCABE
25%
DCAEB
25%
DCBAE
25%
DCBEA
25%
DCEAB
25%
DEABC
25%
DEACB
25%
DEBAC
25%
DEBCA
25%
DECAB
25%
DECBA
25%
EABCD
25%
EABDC
25%
EACDB
25%
EADCB
25%
EDCBA
25%
ABDCE
0%
ABDEC
0%
ABEDC
0%
AEBCD
0%
AEBDC
0%
AECBD
0%
AEDBC
0%
AEDCB
0%
BCDAE
0%
BCDEA
0%
BCEDA
0%
BDCEA
0%
BEACD
0%
BEADC
0%
BECAD
0%
BECDA
0%
BEDAC
0%
BEDCA
0%
CABED
0%
CADBE
0%
CADEB
0%
CAEDB
0%
CBADE
0%
CBAED
0%
CBDAE
0%
CBDEA
0%
CBEAD
0%
CDBAE
0%
CDBEA
0%
CEABD
0%
CEADB
0%
CEBAD
0%
CEBDA
0%
DABCE
0%
DABEC
0%
DACBE
0%
DACEB
0%
DAEBC
0%
DAECB
0%
DBACE
0%
DBAEC
0%
DBCAE
0%
DBCEA
0%
DBEAC
0%
DBECA
0%
EACBD
0%
EADBC
0%
EBACD
0%
EBADC
0%
EBCAD
0%
EBCDA
0%
EBDAC
0%
EBDCA
0%
ECABD
0%
ECADB
0%
ECBAD
0%
ECBDA
0%
ECDAB
0%
ECDBA
0%
EDABC
0%
EDACB
0%
EDBAC
0%
EDBCA
0%
EDCAB
0%

Score Distribution

Percentile by Number Answered

Percent of People with Each Score

Your Score History

You have not taken this quiz since the last reset